| 000 -ლიდერი |
| ფიქსირებული სიგრძის საკონტროლო ველი |
01458nam a2200301Ia 4500 |
| 001 - საკონტროლო ნომერი |
| საკონტროლო ველი |
2479 |
| 003 - საკონტროლო ნომრის იდენტიფიკატორი |
| საკონტროლო ველი |
GE_BSU |
| 005 - ბოლო ოპერაციის თარიღი და დრო |
| საკონტროლო ველი |
20220302111558.0 |
| 008 - ფიქსირებული სიგრძის მონაცემთა ელემენტები - ზოგადი ინფორმაცია |
| ფიქსირებული სიგრძის საკონტროლო ველი |
181216s2010||||ge |||||||||||||| ||geo|| |
| 020 ## - წიგნის საერთაშორისო სტანდარტული ნომერი |
| International Standard Book Number |
9789941030901 |
| 040 ## - კატალოგიზაციის წყარო |
| Transcribing agency |
GE_BSU |
| 041 ## - ენის კოდი |
| Language code of text/sound track or separate title |
geo |
| 080 ## - უნივერსალური ათობითი კლასიფიკაციის ინდექსი |
| Universal Decimal Classification number |
371.3 ჩ–31 |
| 100 ## - მთავარი ჩანაწერი - პიროვნების სახელი |
| Relator code |
ჩაჩხიანი, ქეთევან |
| 245 ## - ცნობა სათაურის შესახებ |
| Title |
სასწავლო პროცესის ხელმძღვანელობა : |
| Remainder of title |
გზამკვლევი სკოლების ადმინისტრაციისთვის / |
| Statement of responsibility, etc |
ქეთევან ჩაჩხიანი, შალვა ტაბატაძე ; რედ. კახა გაბუნია. |
| 250 ## - გამოცემის ცნობა |
| Edition statement |
I-ლი გამოც. |
| 264 ## - წარმოების, გამოცემის, დისტრიბუციის და სხვა ცნობები |
| გამოცემის, წარმოების, დისტრიბუციის... ადგილი |
თბილისი, |
| გამოცემის, წარმოების, დისტრიბუციის... თარიღი |
2010. |
| 300 ## - ფიზიკური აღწერა |
| Extent |
199 გვ.: |
| Other physical details |
სქ., ცხრ. ; |
| Dimensions |
23 სმ. |
| 501 ## - შენიშვნა თანმხლებ მასალაზე |
| With note |
დანართები: გვ. 162-188. |
| 504 ## - BIBLIOGRAPHY, ETC. NOTE |
| Bibliography, etc |
ბიბლიოგრ.: გვ. 189-199. |
| 653 ## - INDEX TERM--UNCONTROLLED |
| Uncontrolled term |
სასწავლო პროცესის ორგანიზაცია |
| 653 ## - INDEX TERM--UNCONTROLLED |
| Uncontrolled term |
სკოლის მართვა |
| 653 ## - INDEX TERM--UNCONTROLLED |
| Uncontrolled term |
სასწავლო-აღმზრდელობითი მუშაობა |
| 700 ## - ADDED ENTRY--PERSONAL NAME |
| Personal name |
ტაბატაძე, შალვა |
| Relator term |
ავტორი |
| 9 (RLIN) |
13583 |
| 700 ## - ADDED ENTRY--PERSONAL NAME |
| Personal name |
გაბუნია, კახა |
| Relator term |
რედაქტორი |
| 9 (RLIN) |
4175 |
| 942 ## - ADDED ENTRY ELEMENTS (KOHA) |
| Koha item type |
წიგნი |
| Source of classification or shelving scheme |
|